000 00492nam a22001577a 4500
005 20260423160855.0
008 260423b |||||||| |||| 00| 0 eng d
020 _a0453900285
050 _aPR9347
_b.S56
100 _aDavid Cook
245 _aShort East African Plays in English: Ten Plays in English
260 _aIbadan
_bHeinemann Education Books Ltd
_c1968
300 _axi,148p.
650 _aEnglish Literature
_vAfrican literature in English
_xEast African drama (English)
942 _cBK
999 _c4695
_d4695